• 首页
  • 本馆介绍
  • 公告通知
  • 最新文献
  • 馆藏检索
  • 电子资源
  • 读者导购
  • 参考咨询
  • 我的图书馆
  • 登录
  • 详细信息显示
  • 放入我的书架
  • 预约/预借图书
  • 作者相关作品
  • 分类相关作品
  • 丛书相关作品
  • 出版社相关作品

书目信息

  • 表格格式
  • 工作单格式
  • 卡片格式
题名:
陶弘景评传
    
 
作者: 匡亚明 主编
分册: 上  
出版信息: 南京   南京大学出版社  2011.02
页数: 344页
开本: 20cm
丛书名:
单 册:
中图分类: B235.95
科图分类:
主题词:
电子资源:
ISBN: 978-7-305-06002-1
000 00630nam0 2200217 45
001 512
005 20120531152114.78
010    @a978-7-305-06002-1@dCNY44.00(全2册88.00)
100    @a20120328d2010 ekmy0chiy0120 ea
101 0  @achi
102    @aCN@b320000
105    @ay z 000yy
106    @ar
200 1  @a陶弘景评传@ATao Hong Jing Ping Chuan@h上@HShang@f匡亚明主编@FKuang Ya Ming Zhu Bian
210    @a南京@c南京大学出版社@d2011.02
215    @a344页@d20cm
600    @a陶弘景@x评传
690    @aB235.95@v5
701  0 @a匡亚明@AKuang Ya Ming@4主编
801  0 @aCN@bTSTCL@c20120328
905    @b0814874-76@dB235.95@e8:1@f3
    
    陶弘景评传.上/匡亚明主编.-南京:南京大学出版社,2011.02
    344页;20cm
    
    
    ISBN 978-7-305-06002-1:CNY44.00(全2册88.00)
    
●
相关链接 在E读中查询图书 在五车中查询图书 在当当中查询图书 在豆瓣中查询图书


正题名:陶弘景评传     索取号:B235.95/8:1         预约/预借

序号 登录号 条形码 馆藏地/架位号 状态 备注
1 0814874   208148743   第一样本阅览室/ [索取号:B235.95/8:1] 在馆    
2 0814875   208148752   第一借阅区/ [索取号:B235.95/8:1] 在馆    
3 0814876   208148761   第一借阅区/ [索取号:B235.95/8:1] 在馆    
唐山师范学院图书馆 欢迎您!
大连网信软件有限公司© 版权所有